000 00771 a2200217 4500
005 20080917111149.0
008 080917t xxu||||| |||| 00| 0 eng d
010 _aENG-87780
020 _a8178802384
_c850.00
035 _aEN-71313
037 _bDBAD / PUB
082 _a350
100 _aArora, R.K.
245 _aPublic administration
_bits growth and development
_cby R.K. Arora
260 _aNew Delhi
_bRajat Publications
_c2006
270 _a4675/21, Ansari Road, Daryaganj
_bNew Delhi
_e110 002
300 _av, 312 p.
_c22 cm ( Hb.)
500 _aIncludes index.
942 _adpl
_cEN
_k350/ARO
_2ddc
_h350
_mARO
999 _c6976
_d6976